MARC details
| 000 -CABECERA |
| campo de control de longitud fija |
02040nam a2200337 a 4500 |
| 001 - NÚMERO DE CONTROL |
| campo de control |
BRCA_2703 |
| 005 - FECHA Y HORA DE LA ÚLTIMA TRANSACCIÓN |
| campo de control |
20190320203930.0 |
| 008 - DATOS DE LONGITUD FIJA--INFORMACIÓN GENERAL |
| campo de control de longitud fija |
031208s1888----sp-a---###---#000-0#spa-u |
| 041 ## - CÓDIGO DE LENGUA |
| Código de lengua del texto/banda sonora o título independiente |
spa |
| 044 ## - CÓDIGO DEL PAÍS DE LA ENTIDAD EDITORA/PRODUCTORA |
| Código MARC del país |
sp |
| 084 ## - OTRO NÚMERO DE CLASIFICACIÓN |
| Número de clasificación |
209 |
| Número de documento/Ítem |
.G57 |
| -- |
1888 |
| 100 1# - ENTRADA PRINCIPAL--NOMBRE DE PERSONA |
| Nombre de persona |
Cervantes Saavedra, Miguel de |
| Fechas asociadas al nombre |
1547-1616 |
| 9 (RLIN) |
213 |
| 245 10 - MENCIÓN DE TÍTULO |
| Título |
El Ingenioso Hidalgo Don Quijote de la Mancha |
| Resto del título |
seguido de el Buscapíe |
| Mención de responsabilidad, etc. |
por Miguel de Cervantes Saavedra. |
| 250 ## - MENCIÓN DE EDICIÓN |
| Mención de edición |
4 |
| 260 ## - PUBLICACIÓN, DISTRIBUCIÓN, ETC. |
| Lugar de publicación, distribución, etc. |
Barcelona |
| Nombre del editor, distribuidor, etc. |
F. Giró |
| Fecha de publicación, distribución, etc. |
1888 |
| 300 ## - DESCRIPCIÓN FÍSICA |
| Extensión |
2 v. |
| Otras características físicas |
il. |
| Dimensiones |
21 cm. |
| 440 #0 - MENCIÓN DE SERIE/PUNTO DE ACCESO ADICIONAL--TÍTULO |
| Título |
Biblioteca salvatella |
| 9 (RLIN) |
7646 |
| 500 ## - NOTA GENERAL |
| Nota general |
Contenido : v 1. Primera parte. Busto de Cervantes. Notas del editor. Dedicatoria del autor. Prólogo del autor. Versos preliminares. Texto. -- v 2. Segunda parte. Autógrafo facsímil de Cervantes. Dedicatoria del autor. Prólogo del autor. Texto. El Buscapié |
| 500 ## - NOTA GENERAL |
| Nota general |
Edición : Ilustrada con gran número de grabados y reproducción de cuadros famosos de autores contemporáneos |
| 500 ## - NOTA GENERAL |
| Nota general |
Linda edición, bien impresa. Reproducción de las que anteriormente publicó la Casa Salvatella, con la edición de El Buscapié, superchería de Adolfo de Castro. A los grabados de Johannot que adornan las otras ediciones, se han añadido en ésta algunos dibujos de varios autores españoles contemporáneos. Es una de las pocas ediciones que reproduce el escudo de la primera edición. Tela; con relieves y dorados; corte dorado también Lúdovik Osterc |
| 500 ## - NOTA GENERAL |
| Nota general |
Estado físico : Guarda del volumen 1 desprendida. El lomo del volumen 2 está desprendido casi en su totalidad |
| 650 14 - PUNTO DE ACCESO ADICIONAL DE MATERIA--TÉRMINO DE MATERIA |
| Término de materia o nombre geográfico como elemento de entrada |
Novela española |
| Subdivisión cronológica |
Época clásica, 1500-1700 |
| 9 (RLIN) |
215 |
| 650 14 - PUNTO DE ACCESO ADICIONAL DE MATERIA--TÉRMINO DE MATERIA |
| Término de materia o nombre geográfico como elemento de entrada |
Literatura española |
| Subdivisión cronológica |
Época clásica, 1500-1700 |
| 9 (RLIN) |
216 |
| 650 14 - PUNTO DE ACCESO ADICIONAL DE MATERIA--TÉRMINO DE MATERIA |
| Término de materia o nombre geográfico como elemento de entrada |
Novela española |
| Subdivisión cronológica |
Siglo XVII |
| 9 (RLIN) |
217 |
| 650 14 - PUNTO DE ACCESO ADICIONAL DE MATERIA--TÉRMINO DE MATERIA |
| Término de materia o nombre geográfico como elemento de entrada |
Don Quijote (Personaje ficticio) |
| Término indicativo de función/relación |
Novela |
| 9 (RLIN) |
218 |
| 700 1# - PUNTO DE ACCESO ADICIONAL--NOMBRE DE PERSONA |
| Nombre de persona |
Castro y Rossi, Adolfo de |
| Fechas asociadas al nombre |
1823-1898 |
| Término indicativo de función/relación |
Anotador |
| 9 (RLIN) |
7647 |
| 700 1# - PUNTO DE ACCESO ADICIONAL--NOMBRE DE PERSONA |
| Nombre de persona |
Johannot, Tony |
| Fechas asociadas al nombre |
1803-1852 |
| Término indicativo de función/relación |
Ilustrador |
| 9 (RLIN) |
7648 |
| 740 0# - PUNTO DE ACCESO ADICIONAL--TÍTULO RELACIONADO O ANALÍTICO NO CONTROLADO |
| Título relacionado o analítico no controlado |
El Ingenioso Hidalgo Don Quijote de la Mancha |
| 902 ## - CATALOGADOR |
| Iniciales |
QFM |
| 942 ## - ELEMENTOS DE PUNTO DE ACCESO ADICIONAL (KOHA) |
| Fuente del sistema de clasificación o colocación |
Library of Congress Classification |
| Tipo de ítem Koha |
Libros |